Zdaňovanie príjmov právnických osôb v SR bakalárska práca

Salvato in:
Dettagli Bibliografici
Autore principale: Babjarčík, Ondrej
Ente Autore: Podnikovohospodárska fakulta EU so sídlom v Košiciach. Katedra účtovníctva a financií
Altri autori: Simonidesová, Jana, 1968-
Natura: Libro
Lingua:slovacco
Pubblicazione: Košice 2014
Tags: Aggiungi Tag
Nessun Tag, puoi essere il primo ad aggiungerne!!

MARC

LEADER 00000nbm a2200000 4500
001 0191594
005 20170201085032.1
041 0 |a slo 
044 |a SK 
245 1 0 |a Zdaňovanie príjmov právnických osôb v SR  |b bakalárska práca  |c Ondrej Babjarčík ; školiteľ: Jana Simonidesová 
264 1 |a Košice  |c 2014 
300 |a 50 s. 
100 1 |a Babjarčík, Ondrej 
700 1 |a Simonidesová, Jana, 1968- 
710 2 |a Podnikovohospodárska fakulta EU so sídlom v Košiciach. Katedra účtovníctva a financií